000 01821nam a2200241Ia 4500
008 260220t1973||||xx |||||||||||||| ||spa||
040 _aPY-SlUNAC
_bspa
_erda
041 _aspa
082 _a338.9
_bEs79a
100 _aEsteva Fabregat, Claudio
_eAutor
245 0 _aAntropología industrial /
_cpor Claudio Esteva Fabregat [Autor]
264 _aBarcelona :
_bPlaneta,
_c℗1973.
300 _a1 volumen
520 _aEn "Antropología industrial", Claudio Esteva Fabregat explora la intersección entre la antropología y el mundo industrial, analizando cómo las estructuras sociales y culturales influyen en el entorno laboral y viceversa. A lo largo de la obra, el autor propone un enfoque multidisciplinario que integra conceptos antropológicos en el estudio de las dinámicas industriales, destacando la importancia de comprender las relaciones humanas en el contexto de la producción y el trabajo. Esteva Fabregat examina diversas industrias y sus particularidades, abordando temas como la organización del trabajo, las prácticas culturales de los trabajadores y el impacto de la tecnología en las comunidades. La obra también reflexiona sobre cómo los cambios en la industria afectan la identidad y la cohesión social de los grupos. Al ofrecer un análisis profundo y crítico, el autor contribuye a la comprensión de la antropología como herramienta para desentrañar las complejidades del mundo laboral contemporáneo, destacando la relevancia de las interacciones humanas en un ámbito dominado por la mecanización y la globalización.
653 _aAntropología
653 _aDesarrollo social
653 _aIndustria
942 _b2026/02/17
_cBK
999 _c7131
_d7131